000 00575nam a2200181Ia 4500
008 090124s9999 xx 000 0 und d
082 _b43009
100 _aरायकर यशवंत
245 _a विनोद बत्तिशी
250 _a1
260 _bमॅजेस्टिक प्रकाशन
_c1999
300 _a176
600 _aरायकर यशवंत
630 _a विनोद बत्तिशी
700 _aरायकर यशवंत
730 _a विनोद बत्तिशी
942 _cBOOK
999 _c109224
_d109224